Social evictions: we're counting (Record no. 69245)
[ view plain ]
| 000 -LEADER | |
|---|---|
| fixed length control field | 01530cam a2200277 4500 |
| 001 - CONTROL NUMBER | |
| control field | ABS64925 |
| 008 - FIXED-LENGTH DATA ELEMENTS--GENERAL INFORMATION | |
| fixed length control field | 020110n2001 000 0 eng u |
| 035 ## - SYSTEM CONTROL NUMBER | |
| System control number | (Sirsi) u116226 |
| 100 ## - MAIN ENTRY--PERSONAL NAME | |
| Personal name | Delargy, M. |
| 245 ## - TITLE STATEMENT | |
| Title | Social evictions: we're counting |
| 260 ## - PUBLICATION, DISTRIBUTION, ETC. | |
| Date of publication, distribution, etc. | 2001 |
| 490 ## - SERIES STATEMENT | |
| Series statement | Roof |
| Volume/sequential designation | 27(1) January/February 2002, 22-25(3) |
| 520 ## - SUMMARY, ETC. | |
| Summary, etc. | A ROOF investigation indicates that social landlords in England and Wales may have evicted 27,000 households during 2000, around 5.5 tenants per thousand homes in England and Wales. Taking figures from both ROOF and the National Housing Federation the NHF policy officer John Bryant thought these figures were 'encouragingly low'but others would argue that this is an alarmingly high statistic. The figures for England and Wales and Scotland show that rent arrears are responsible for up to 97% of all evictions while anti-social behaviour amounted to only 2 to 3% of all cases. Housing minister Lord Falconer told Roof that with the need for more data he would be looking at the most efficient way of getting more detailed statistics. |
| 590 ## - LOCAL NOTE (RLIN) | |
| Local note | ABS |
| 650 ## - SUBJECT ADDED ENTRY--TOPICAL TERM | |
| Topical term or geographic name entry element | LOCAL AUTHORITIES |
| 650 ## - SUBJECT ADDED ENTRY--TOPICAL TERM | |
| Topical term or geographic name entry element | HOUSING ASSOCIATIONS |
| 650 ## - SUBJECT ADDED ENTRY--TOPICAL TERM | |
| Topical term or geographic name entry element | NATIONAL HOUSING FEDERATION |
| 650 ## - SUBJECT ADDED ENTRY--TOPICAL TERM | |
| Topical term or geographic name entry element | COUNCIL OF MORTGAGE LENDERS |
| 650 ## - SUBJECT ADDED ENTRY--TOPICAL TERM | |
| Topical term or geographic name entry element | LOCAL GOVERNMENT ASSOCIATION |
| 650 ## - SUBJECT ADDED ENTRY--TOPICAL TERM | |
| Topical term or geographic name entry element | STATISTICS |
| 650 ## - SUBJECT ADDED ENTRY--TOPICAL TERM | |
| Topical term or geographic name entry element | SOCIAL LANDLORDS |
| 650 ## - SUBJECT ADDED ENTRY--TOPICAL TERM | |
| Topical term or geographic name entry element | EVICTIONS |
| 650 ## - SUBJECT ADDED ENTRY--TOPICAL TERM | |
| Topical term or geographic name entry element | REPOSSESSIONS |
| 690 ## - LOCAL SUBJECT ADDED ENTRY--TOPICAL TERM (OCLC, RLIN) | |
| Topical term or geographic name as entry element | PROPERTY-RESIDENTIAL PROPERTY-RESIDENTIAL LANDLORD AND TENANT-RESIDENTIAL TENANCIES |
| 942 ## - ADDED ENTRY ELEMENTS (KOHA) | |
| Suppress in OPAC | 0 |
| Withdrawn status | Lost status | Source of classification or shelving scheme | Damaged status | Not for loan | Home library | Current library | Shelving location | Date acquired | Total Checkouts | Full call number | Barcode | Date last seen | Copy number | Price effective from | Koha item type |
|---|---|---|---|---|---|---|---|---|---|---|---|---|---|---|---|
| Dewey Decimal Classification | London | London | Books | 10/01/2002 | ABS64925 | 116226-1001 | 06/08/2019 | 1 | 06/08/2019 | Book |